Sociální determinanty prekarizace práce v evropských zemích

Miera vyskytujúcej sa prekarizovanej práce v krajinách Európskej únie. Definícia a metodika prekarizovanej práce podľa Medzinárodnej organizácie práce. Technologické zmeny vyžadujúce vyššiu kvalifikáciu a trh práce.

Gespeichert in:
Bibliographische Detailangaben
1. Verfasser: Doseděl, Tomáš
Weitere Verfasser: Katrňák, Tomáš
Format: Buchkapitel
Sprache:Tschechisch
Schlagworte:
Tags: Tag hinzufügen
Keine Tags, Fügen Sie das erste Tag hinzu!

MARC

LEADER 00000naa a2200000 4500
001 0235230
005 20220805075635.7
041 0 |a cze 
044 |a CZ 
245 1 0 |a Sociální determinanty prekarizace práce v evropských zemích  |c Tomáš Doseděl, Tomáš Katrňák 
520 |a Miera vyskytujúcej sa prekarizovanej práce v krajinách Európskej únie. Definícia a metodika prekarizovanej práce podľa Medzinárodnej organizácie práce. Technologické zmeny vyžadujúce vyššiu kvalifikáciu a trh práce. 
610 2 0 |a trh práce 
610 2 0 |a podmienky pracovné 
610 2 0 |a dohody pracovné 
610 2 0 |a miesta pracovné 
610 2 0 |a pomer pracovný 
610 2 0 |a sily pracovné 
610 2 0 |a kvalifikácia 
610 2 0 |a Európska únia 
100 1 |a Doseděl, Tomáš 
700 1 |a Katrňák, Tomáš